Top/Only Three Eurovision Countries By Category - Statistics

General Stats
  • This quiz has been taken 1,851 times
    952 since last reset
  • The average score is 19 of 25
Answer Stats
Country % Correct
United Kingdom
97%
France
90%
Spain
89%
Australia
88%
Sweden
85%
Morocco
83%
Serbia and Montenegro
82%
Germany
80%
Croatia
76%
Cyprus
76%
Malta
76%
Monaco
75%
Netherlands
74%
Norway
74%
Slovenia
73%
San Marino
72%
Luxembourg
71%
Andorra
70%
Bosnia and Herzegovina
70%
Iceland
70%
Azerbaijan
67%
Switzerland
62%
Israel
61%
Bulgaria
55%
Yugoslavia
38%
No matching quizzes found
Score Distribution
Percent of People with Each Score
Percentile by Number Answered
Your Score History
You have not taken this quiz since the last reset